[Event "Roger Roy mem"]
[Site "Gatineau CAN"]
[Date "2007.10.23"]
[Round "2"]
[White "Carrier, Simon"]
[Black "Levesque, Andre"]
[Result "1/2-1/2"]
[WhiteElo "1178"]
[BlackElo "1460"]
[PlyCount "131"]
[GameId "2160767910578797"]
[EventDate "2007.10.16"]
[EventType "swiss"]
[EventRounds "5"]
[EventCountry "CAN"]
[SourceTitle "EXT 2022"]
[Source "ChessBase"]
[SourceDate "2021.10.06"]
[SourceVersion "1"]
[SourceVersionDate "2021.10.06"]
[SourceQuality "1"]

1. e4 c5 2. b3 Nc6 3. Nf3 d6 4. Bb2 Nf6 5. Bxf6 gxf6 6. Bc4 e6 7. Nc3 Bg7 8. d4 cxd4 9. Nxd4 Bd7 10. Ncb5 Nxd4 11. Nxd6+ Ke7 12. Qxd4 Qc7 13. O-O-O e5 14. Qd2 Raf8 15. Qb4 a5 16. Nf5+ Kd8 17. Qe7+ Kc8 18. Rxd7 Qxd7 19. Nd6+ Kc7 20. Qxd7+ Kxd7 21. Nxf7 Rhg8 22. Rd1+ Ke7 23. Nd6 Bh6+ 24. Kb2 Rg6 25. Nf5+ Ke8 26. Bb5+ Kf7 27. Rd7+ Kg8 28. Ne7+ Kh8 29. Nxg6+ hxg6 30. Rxb7 Rd8 31. Ra7 Rd1 32. c3 Rd2+ 33. Ka3 Rxf2 34. Rxa5 Rxg2 35. h3 Rg3 36. c4 Rxh3 37. c5 Bc1+ 38. Ka4 Rh2 39. Ra8+ Kg7 40. Kb4 Rh4 41. Bc6 f5 42. Re8 Bb2 43. Bd5 fxe4 44. Kc4 e3+ 45. Kd3 Rd4+ 46. Kxe3 Rxd5 47. c6 Rc5 48. Rc8 Kf7 49. b4 Rc1 50. b5 Bd4+ 51. Ke4 g5 52. Rb8 g4 53. Kf5 g3 54. Rb7+ Kf8 55. c7 Rxc7 56. Rxc7 g2 57. Rc1 g1=Q 58. Rxg1 Bxg1 59. Kxe5 Ke7 60. Kd5 Kd7 61. a4 Bb6 62. Kc4 Kd6 63. Kb4 Be3 64. a5 Kc7 65. Kc4 Ba7 66. Kd5 1/2-1/2

[Event "Roger Roy mem"]
[Site "Gatineau CAN"]
[Date "2007.10.23"]
[Round "2"]
[White "Guimond, Michel"]
[Black "Lemieux, Richard"]
[Result "1-0"]
[WhiteElo "1821"]
[BlackElo "1533"]
[PlyCount "49"]
[GameId "2160767910578798"]
[EventDate "2007.10.16"]
[EventType "swiss"]
[EventRounds "5"]
[EventCountry "CAN"]
[SourceTitle "EXT 2022"]
[Source "ChessBase"]
[SourceDate "2021.10.06"]
[SourceVersion "1"]
[SourceVersionDate "2021.10.06"]
[SourceQuality "1"]

1. e4 c5 2. Nf3 Nc6 3. d4 cxd4 4. Nxd4 g6 5. Nc3 Bg7 6. Be3 Nf6 7. f3 O-O 8. Qd2 a6 9. O-O-O d5 10. Nxc6 bxc6 11. Bh6 Bxh6 12. Qxh6 e6 13. e5 Nd7 14. Rd4 f5 15. Rh4 Rf7 16. f4 Qb6 17. Bd3 Nc5 18. Rd1 Rb8 19. b3 Qb4 20. Ne2 Nxd3+ 21. Rxd3 Qe1+ 22. Kb2 Qxe2 23. Rdh3 Rbb7 24. Qxg6+ hxg6 25. Rh8+ 1-0

[Event "Roger Roy mem"]
[Site "Gatineau CAN"]
[Date "2007.10.23"]
[Round "2"]
[White "Jiang, Qizhe"]
[Black "Berthiaume, Serge"]
[Result "1/2-1/2"]
[WhiteElo "920"]
[BlackElo "1323"]
[PlyCount "64"]
[GameId "2160767910578799"]
[EventDate "2007.10.16"]
[EventType "swiss"]
[EventRounds "5"]
[EventCountry "CAN"]
[SourceTitle "EXT 2022"]
[Source "ChessBase"]
[SourceDate "2021.10.06"]
[SourceVersion "1"]
[SourceVersionDate "2021.10.06"]
[SourceQuality "1"]

1. e4 e5 2. a3 Nf6 3. Nc3 Nc6 4. Nf3 Bc5 5. Be2 O-O 6. h3 d6 7. O-O Nh5 8. d3 f5 9. Bd2 fxe4 10. Nxe4 Bb6 11. Bc3 Qe7 12. Qd2 h6 13. Nh2 d5 14. Bxh5 dxe4 15. dxe4 Bd7 16. Rad1 Rad8 17. Qe2 Qg5 18. Bg4 Bxg4 19. Nxg4 Rxd1 20. Rxd1 Nd4 21. Bxd4 Bxd4 22. c3 Bc5 23. Rd7 Bxf2+ 24. Nxf2 Rc8 25. Qc4+ Kh7 26. Rxc7 Rxc7 27. Qxc7 Qc1+ 28. Kh2 Qxb2 29. Qxe5 Qxf2 30. Qc7 b5 31. e5 Qf4+ 32. Kh1 Qf1+ 1/2-1/2

[Event "Roger Roy mem"]
[Site "Gatineau CAN"]
[Date "2007.10.23"]
[Round "2"]
[White "Labelle, Raymond"]
[Black "Rainey, Ivan"]
[Result "0-1"]
[WhiteElo "1485"]
[BlackElo "1211"]
[PlyCount "92"]
[GameId "2160767910578800"]
[EventDate "2007.10.16"]
[EventType "swiss"]
[EventRounds "5"]
[EventCountry "CAN"]
[SourceTitle "EXT 2022"]
[Source "ChessBase"]
[SourceDate "2021.10.06"]
[SourceVersion "1"]
[SourceVersionDate "2021.10.06"]
[SourceQuality "1"]

1. e4 c6 2. d4 d5 3. e5 Bf5 4. Nf3 e6 5. Nh4 Qxh4 6. Nc3 Bb4 7. Bd2 Bxc3 8. bxc3 Nd7 9. a4 Nb6 10. Qc1 Nc4 11. Bg5 Qe4+ 12. Kd1 Qg4+ 13. f3 Qh5 14. Be2 Qg6 15. g4 Bxg4 16. fxg4 h6 17. Bh4 Qe4 18. Rg1 Qe3 19. Qxe3 Nxe3+ 20. Kd2 Nc4+ 21. Ke1 g5 22. Bg3 Ne7 23. Rb1 O-O-O 24. Bxc4 dxc4 25. Rb4 Nd5 26. Rxc4 Ne3 27. Rc5 Kc7 28. Ra5 Ra8 29. Ke2 b6 30. Ra6 Kb7 31. Kxe3 Kxa6 32. Rf1 Rh7 33. c4 Rf8 34. Ke4 Rhh8 35. Be1 Rh7 36. Bb4 Rd8 37. Rf3 Rd7 38. Bd2 h5 39. Rh3 h4 40. Bxg5 Rg7 41. Bxh4 Rxg4+ 42. Kd3 Rdxd4+ 43. Kc3 Rxc4+ 44. Kd3 Rxh4 45. Rf3 Rxa4 46. Rxf7 Ra3+ 0-1

[Event "Roger Roy mem"]
[Site "Gatineau CAN"]
[Date "2007.10.23"]
[Round "2"]
[White "Pilon, Robert"]
[Black "Cossette, Daniel"]
[Result "0-1"]
[WhiteElo "1575"]
[BlackElo "2130"]
[PlyCount "76"]
[GameId "2160767910578802"]
[EventDate "2007.10.16"]
[EventType "swiss"]
[EventRounds "5"]
[EventCountry "CAN"]
[SourceTitle "EXT 2022"]
[Source "ChessBase"]
[SourceDate "2021.10.06"]
[SourceVersion "1"]
[SourceVersionDate "2021.10.06"]
[SourceQuality "1"]

1. e4 c5 2. c3 e6 3. d4 d5 4. e5 Qb6 5. Nf3 Bd7 6. a3 Bb5 7. Be2 Bxe2 8. Qxe2 Nd7 9. b4 cxd4 10. cxd4 Rc8 11. Bb2 Ne7 12. Nc3 Nc6 13. Na4 Qd8 14. O-O Be7 15. Nc5 b6 16. Nxd7 Qxd7 17. Rfc1 O-O 18. Rc2 a5 19. b5 Na7 20. a4 Rxc2 21. Qxc2 Rc8 22. Qd1 f6 23. Rc1 Bb4 24. Kf1 Rc4 25. Nd2 Bxd2 26. Qxd2 Rxa4 27. Qd3 Rc4 28. Rxc4 dxc4 29. Qxc4 Qxb5 30. Qxb5 Nxb5 31. Ke2 fxe5 32. dxe5 Kf7 33. Kd3 Nc7 34. Bd4 Nd5 35. g3 b5 36. Kc2 Ke8 37. Bc5 Kd7 38. h4 Kc6 0-1

[Event "Roger Roy mem"]
[Site "Gatineau CAN"]
[Date "2007.10.23"]
[Round "2"]
[White "Sabourin, Yves"]
[Black "Berthiaume, Patrick"]
[Result "1/2-1/2"]
[Annotator "Lacourse,Guy"]
[WhiteElo "1345"]
[BlackElo "1038"]
[PlyCount "57"]
[GameId "2160767738660359"]
[EventDate "2007.10.16"]
[EventType "swiss"]
[EventRounds "5"]
[EventCountry "CAN"]

1. d4 d5 2. c4 c6 3. Nf3 Nf6 4. Bf4 Bf5 5. e3 e6 6. Nc3 Nbd7 7. h3 h6 8. Bd3 Bxd3 9. Qxd3 Be7 10. O-O Nh5 11. Bh2 a6 12. cxd5 exd5 13. Ne5 Nxe5 14. Bxe5 Bd6 15. Qf5 Nf6 16. Bxf6 Qxf6 17. Qxf6 gxf6 18. Rfe1 O-O-O 19. Na4 b5 20. Nc5 a5 21. Rac1 Rdg8 22. Nb3 a4 23. Rxc6+ Kd7 24. Na5 Bb4 25. Rec1 Bxa5 26. Rxf6 Ke8 27. Ra6 Bd2 28. Rd1 Bb4 29. Rb6 {illisible (50) résultat inconnu.} 1/2-1/2

[Event "Roger Roy mem"]
[Site "Gatineau CAN"]
[Date "2007.10.23"]
[Round "2"]
[White "Thompson, Daniel"]
[Black "Jani, Louis"]
[Result "1-0"]
[WhiteElo "1549"]
[BlackElo "1501"]
[PlyCount "89"]
[GameId "2160767910578803"]
[EventDate "2007.10.16"]
[EventType "swiss"]
[EventRounds "5"]
[EventCountry "CAN"]
[SourceTitle "EXT 2022"]
[Source "ChessBase"]
[SourceDate "2021.10.06"]
[SourceVersion "1"]
[SourceVersionDate "2021.10.06"]
[SourceQuality "1"]

1. d4 f5 2. e4 e6 3. e5 g6 4. Nf3 d6 5. Bg5 Be7 6. Qd2 Bxg5 7. Nxg5 dxe5 8. dxe5 Qxd2+ 9. Nxd2 h6 10. Ngf3 Nc6 11. O-O-O Nge7 12. Bc4 Kf7 13. Nb3 b6 14. Rhe1 Bb7 15. Rd7 Rac8 16. Nfd4 Nd8 17. Nxe6 Nxe6 18. Nd4 Bxg2 19. Bxe6+ Ke8 20. f3 Rd8 21. Rxd8+ Kxd8 22. Rd1 Ke8 23. Rg1 Bh3 24. Rg3 Bf1 25. c4 c5 26. Nb5 Nc6 27. Rxg6 Ke7 28. Bxf5 Bxc4 29. Rxc6 Bxb5 30. Rc7+ Kf8 31. Rxa7 h5 32. Ra8+ Kg7 33. Rxh8 Kxh8 34. Bg6 h4 35. f4 Kg7 36. f5 Bc4 37. a3 Kh6 38. Kd2 Kg5 39. Kc3 Be6 40. fxe6 Kxg6 41. Kc4 Kg7 42. Kb5 Kf8 43. Kxb6 Ke7 44. Kxc5 Kxe6 45. Kd4 1-0

[Event "Roger Roy mem"]
[Site "Gatineau CAN"]
[Date "2007.10.30"]
[Round "2"]
[White "Guimond, Michel"]
[Black "Brousseau, Yvan"]
[Result "0-1"]
[WhiteElo "1821"]
[BlackElo "2055"]
[PlyCount "54"]
[GameId "2160767910578804"]
[EventDate "2007.10.16"]
[EventType "swiss"]
[EventRounds "5"]
[EventCountry "CAN"]
[SourceTitle "EXT 2022"]
[Source "ChessBase"]
[SourceDate "2021.10.06"]
[SourceVersion "1"]
[SourceVersionDate "2021.10.06"]
[SourceQuality "1"]

1. e4 b6 2. d4 Bb7 3. Nc3 e6 4. Bd3 Bb4 5. Bd2 f5 6. exf5 Bxg2 7. Qh5+ Kf8 8. O-O-O Bxh1 9. fxe6 dxe6 10. f3 Nf6 11. Qh4 Nc6 12. Bg5 Be7 13. Nh3 Bxf3 14. Nf4 Qd7 15. Rf1 Nxd4 16. Bxh7 Rxh7 17. Ng6+ Ke8 18. Qf2 Ng4 19. Qd2 Rxh2 20. Qd3 Bxg5+ 21. Kb1 Bf6 22. a3 Bc6 23. Qg3 Rg2 24. Qh4 Nf5 25. Qh5 Qf7 26. Rd1 Ngh6 27. Nf4 Qxh5 0-1

[Event "Roger Roy mem"]
[Site "Gatineau CAN"]
[Date "2007.10.30"]
[Round "2"]
[White "Kennedy, Phillip"]
[Black "Sunatori, Evelyne"]
[Result "0-1"]
[WhiteElo "1399"]
[BlackElo "1128"]
[PlyCount "136"]
[GameId "2160767910578805"]
[EventDate "2007.10.16"]
[EventType "swiss"]
[EventRounds "5"]
[EventCountry "CAN"]

1. Nf3 Nc6 2. g3 e5 3. d4 d6 4. Bg2 Nf6 5. O-O Be7 6. b3 O-O 7. Bb2 Bf5 8. dxe5 dxe5 9. Nxe5 Qxd1 10. Rxd1 Rfd8 11. Rd2 Nxe5 12. Bxe5 c6 13. Rxd8+ Rxd8 14. c4 Rd1+ 15. Bf1 Bxb1 16. e3 Ne4 17. Kg2 Bf6 18. Bxf6 Nxf6 19. Be2 Re1 20. Bf3 Nd7 21. a4 Ne5 22. Ra3 Nxf3 23. Kxf3 Rh1 24. h4 f5 25. b4 Be4+ 26. Kf4 Rf1 27. Ra2 Rb1 28. b5 cxb5 29. axb5 Rc1 30. f3 Bd3 31. Rxa7 Rxc4+ 32. Ke5 Rc5+ 33. Ke6 h6 34. Rxb7 Bxb5 35. Rb8+ Kh7 36. Rf8 Bd3 37. Rd8 Bc2 38. Rd5 Rc3 39. Re5 Kg6 40. g4 Rc6+ 41. Kd5 Ra6 42. Re6+ Rxe6 43. Kxe6 fxg4 44. fxg4 Bd1 45. g5 hxg5 46. hxg5 Kxg5 47. Ke5 Bc2 48. e4 Kh6 49. Kd4 g5 50. e5 Bb3 51. Ke3 g4 52. Kf2 Kh5 53. Kg3 Kg5 54. Kg2 Kf4 55. Kf2 g3+ 56. Kg2 Bd5+ 57. Kg1 Kf3 58. e6 Bxe6 59. Kf1 g2+ 60. Kg1 Bc4 61. Kh2 Kf2 62. Kh3 g1=Q 63. Kh4 Kf3 64. Kh5 Kf4 65. Kh6 Kf5 66. Kh7 Kf6 67. Kh8 Kf7 68. Kh7 Qh1# 0-1

[Event "Roger Roy mem"]
[Site "Gatineau CAN"]
[Date "2007.10.30"]
[Round "2"]
[White "Thibault, Mario"]
[Black "Arsenault, Yves"]
[Result "0-1"]
[WhiteElo "1654"]
[BlackElo "1486"]
[PlyCount "56"]
[GameId "2160767910578806"]
[EventDate "2007.10.16"]
[EventType "swiss"]
[EventRounds "5"]
[EventCountry "CAN"]
[SourceTitle "EXT 2022"]
[Source "ChessBase"]
[SourceDate "2021.10.06"]
[SourceVersion "1"]
[SourceVersionDate "2021.10.06"]
[SourceQuality "1"]

1. Nf3 d5 2. b3 c5 3. e3 Nc6 4. Bb5 a6 5. Bxc6+ bxc6 6. Bb2 Nf6 7. O-O Bg4 8. h3 Bh5 9. d3 Nd7 10. Nbd2 e5 11. g4 Bg6 12. Nxe5 Nxe5 13. Bxe5 h5 14. Qf3 hxg4 15. hxg4 Qd7 16. Kg2 Rh4 17. Rh1 Rxg4+ 18. Kf1 Rg5 19. Bg3 Rf5 20. Qe2 O-O-O 21. Nb1 Re8 22. Nd2 Bd6 23. Bxd6 Qxd6 24. d4 Kb7 25. dxc5 Qxc5 26. Rh3 Qxc2 27. b4 Rg5 28. Nb3 Bd3 0-1

[Event "Roger Roy mem"]
[Site "Gatineau CAN"]
[Date "2007.10.30"]
[Round "3"]
[White "Arsenault, Yves"]
[Black "Forget, David"]
[Result "0-1"]
[WhiteElo "1486"]
[BlackElo "1884"]
[PlyCount "105"]
[GameId "2160767910578807"]
[EventDate "2007.10.16"]
[EventType "swiss"]
[EventRounds "5"]
[EventCountry "CAN"]
[SourceTitle "EXT 2022"]
[Source "ChessBase"]
[SourceDate "2021.10.06"]
[SourceVersion "1"]
[SourceVersionDate "2021.10.06"]
[SourceQuality "1"]

1. e4 e6 2. d4 d5 3. Nd2 c5 4. c3 cxd4 5. cxd4 dxe4 6. Nxe4 Bb4+ 7. Nc3 Nf6 8. Bb5+ Bd7 9. Bxd7+ Qxd7 10. Nge2 O-O 11. O-O Nc6 12. Bg5 Be7 13. Qd2 Rfd8 14. Rad1 Nd5 15. Ne4 Bxg5 16. Nxg5 Rac8 17. a3 Nde7 18. Nf3 Nf5 19. Rfe1 Qd6 20. h3 Rc7 21. g4 Nfe7 22. Nc3 Rcd7 23. Re3 Nxd4 24. Nxd4 Qxd4 25. Qxd4 Rxd4 26. Rxd4 Rxd4 27. Nb5 Rd1+ 28. Kg2 Nd5 29. Re4 Rd2 30. Nc3 Nxc3 31. bxc3 Kf8 32. Rc4 Ke7 33. a4 Kd7 34. Rf4 Ke7 35. c4 Ra2 36. c5 Rb2 37. h4 a5 38. Re4 Rb4 39. Kf3 Kd7 40. Ke3 Kc6 41. Rxb4 axb4 42. Kd4 b3 43. Kc3 Kxc5 44. Kxb3 e5 45. f3 Kd4 46. a5 Ke3 47. Kb4 Kxf3 48. Kb5 e4 49. Kb6 e3 50. Kxb7 e2 51. a6 e1=Q 52. a7 Kxg4 53. a8=Q 0-1

[Event "Roger Roy mem"]
[Site "Gatineau CAN"]
[Date "2007.10.30"]
[Round "3"]
[White "Berthiaume, Serge"]
[Black "Sabourin, Yves"]
[Result "1-0"]
[WhiteElo "1323"]
[BlackElo "1345"]
[PlyCount "125"]
[GameId "2160767910578808"]
[EventDate "2007.10.16"]
[EventType "swiss"]
[EventRounds "5"]
[EventCountry "CAN"]
[SourceTitle "EXT 2022"]
[Source "ChessBase"]
[SourceDate "2021.10.06"]
[SourceVersion "1"]
[SourceVersionDate "2021.10.06"]
[SourceQuality "1"]

1. d4 d5 2. c4 e6 3. Nc3 Nf6 4. Bf4 Bd6 5. Bg3 a6 6. Nf3 O-O 7. e3 dxc4 8. Bxc4 b5 9. Bd3 Bb7 10. e4 Bxg3 11. hxg3 Nc6 12. Bc2 h6 13. Qd3 Nb4 14. Qd2 Nxc2+ 15. Qxc2 b4 16. e5 Nh7 17. Na4 Bxf3 18. gxf3 Qxd4 19. Qxc7 Rfc8 20. Qd6 Rd8 21. Qxd4 Rxd4 22. Ke2 Rc8 23. Rac1 Rdc4 24. Rxc4 Rxc4 25. Kd3 Rc6 26. Rh4 a5 27. Rc4 Ra6 28. Rc5 Nf8 29. Rc7 Ra8 30. Rc6 Rd8+ 31. Rd6 Ra8 32. Kc4 g5 33. Nb6 Ra7 34. Kb5 Ng6 35. Rd8+ Kg7 36. Nd7 Rc7 37. Ra8 Rxd7 38. Rxa5 Rd2 39. b3 Rd4 40. Kc5 Rd2 41. Kxb4 Rxf2 42. a4 Rxf3 43. Rc5 Ne7 44. a5 Nd5+ 45. Ka3 Rxg3 46. a6 Nb6 47. a7 Rd3 48. Rb5 Na8 49. Rb8 Nc7 50. Rc8 Rd7 51. Rxc7 Rxc7 52. a8=Q g4 53. Qd8 Rc3 54. Qf6+ Kf8 55. Qxh6+ Ke8 56. Qh8+ Kd7 57. Qg7 g3 58. Qxf7+ Kc6 59. Qxe6+ Kc5 60. Qd6+ Kb5 61. Qb4+ Ka6 62. Qxc3 g2 63. Qe1 1-0

[Event "Roger Roy mem"]
[Site "Gatineau CAN"]
[Date "2007.10.30"]
[Round "3"]
[White "Blouin, Francois"]
[Black "Laurin, Jacques"]
[Result "0-1"]
[WhiteElo "1542"]
[BlackElo "1790"]
[PlyCount "80"]
[GameId "2160767910578809"]
[EventDate "2007.10.16"]
[EventType "swiss"]
[EventRounds "5"]
[EventCountry "CAN"]
[SourceTitle "EXT 2022"]
[Source "ChessBase"]
[SourceDate "2021.10.06"]
[SourceVersion "1"]
[SourceVersionDate "2021.10.06"]
[SourceQuality "1"]

1. e4 Nf6 2. d3 g6 3. Nc3 c6 4. g3 Bg7 5. Bg2 Qb6 6. Nge2 d5 7. exd5 cxd5 8. O-O e6 9. Rb1 Nc6 10. h3 Nh5 11. Kh2 O-O 12. a3 f5 13. Bf3 Nf6 14. Bg2 Bd7 15. Ng1 Ne5 16. Nf3 Neg4+ 17. hxg4 Nxg4+ 18. Kg1 Bxc3 19. Bd2 Bg7 20. Bh3 Nf6 21. Ne5 Be8 22. Bb4 Nh5 23. d4 Bxe5 24. Bxf8 Bxd4 25. c3 Be3 26. Kg2 Kxf8 27. fxe3 Qxe3 28. Rf3 Qe4 29. Qe1 Bc6 30. Kf2 d4 31. Qd1 Qxf3+ 32. Qxf3 Bxf3 33. Kxf3 d3 34. g4 Nf6 35. gxf5 exf5 36. Ke3 Rd8 37. Rd1 Nd5+ 38. Kd2 Nf4 39. Bf1 Kf7 40. Re1 g5 0-1

[Event "Roger Roy mem"]
[Site "Gatineau CAN"]
[Date "2007.10.30"]
[Round "3"]
[White "Cossette, Daniel"]
[Black "Danilov, Alex"]
[Result "1/2-1/2"]
[WhiteElo "2130"]
[BlackElo "1920"]
[PlyCount "58"]
[GameId "2160767910578810"]
[EventDate "2007.10.16"]
[EventType "swiss"]
[EventRounds "5"]
[EventCountry "CAN"]
[SourceTitle "EXT 2022"]
[Source "ChessBase"]
[SourceDate "2021.10.06"]
[SourceVersion "1"]
[SourceVersionDate "2021.10.06"]
[SourceQuality "1"]

1. e4 c5 2. Nc3 e6 3. g3 d5 4. exd5 exd5 5. d4 Nf6 6. Bg5 Be7 7. Nge2 Nc6 8. Bg2 O-O 9. O-O cxd4 10. Nxd4 Bg4 11. Qd3 Qb6 12. Nb3 Ne5 13. Qe3 Qxe3 14. fxe3 Nc4 15. Bxf6 Bxf6 16. Nxd5 Bxb2 17. Rab1 Be5 18. Ne7+ Kh8 19. Bxb7 Rab8 20. Bf3 Nxe3 21. Bxg4 Nxg4 22. Nc6 Rbe8 23. Rbe1 Bc7 24. Rxe8 Rxe8 25. Rxf7 Bb6+ 26. Ncd4 Kg8 27. Rf4 Re1+ 28. Kg2 Ne3+ 29. Kf2 Nxc2 1/2-1/2

[Event "Roger Roy mem"]
[Site "Gatineau CAN"]
[Date "2007.10.30"]
[Round "3"]
[White "Desjardins, Michel"]
[Black "Thompson, Daniel"]
[Result "1-0"]
[WhiteElo "1902"]
[BlackElo "1549"]
[PlyCount "65"]
[GameId "2160767910578811"]
[EventDate "2007.10.16"]
[EventType "swiss"]
[EventRounds "5"]
[EventCountry "CAN"]
[SourceTitle "EXT 2022"]
[Source "ChessBase"]
[SourceDate "2021.10.06"]
[SourceVersion "1"]
[SourceVersionDate "2021.10.06"]
[SourceQuality "1"]

1. e4 e6 2. d4 d5 3. e5 c5 4. c3 Bd7 5. a3 Qb6 6. b4 cxd4 7. cxd4 Bb5 8. Bxb5+ Qxb5 9. Nc3 Qc4 10. Bb2 Nd7 11. Rc1 Nh6 12. Nge2 Be7 13. O-O O-O 14. Na4 Qa6 15. Nc5 Bxc5 16. dxc5 Ng4 17. a4 Ngxe5 18. b5 Qa5 19. c6 bxc6 20. bxc6 Nc4 21. Bc3 Qd8 22. cxd7 Qxd7 23. Bxg7 Kxg7 24. Rxc4 f5 25. Qd4+ Kg8 26. Rc3 Rf7 27. Nf4 Rd8 28. Rg3+ Kf8 29. Re1 Rc8 30. h3 Rc6 31. Qb4+ Re7 32. Qb8+ Rc8 33. Qe5 1-0

[Event "Roger Roy mem"]
[Site "Gatineau CAN"]
[Date "2007.10.30"]
[Round "3"]
[White "Jani, Louis"]
[Black "Carrier, Simon"]
[Result "0-1"]
[WhiteElo "1501"]
[BlackElo "1178"]
[PlyCount "58"]
[GameId "2160767910578812"]
[EventDate "2007.10.16"]
[EventType "swiss"]
[EventRounds "5"]
[EventCountry "CAN"]
[SourceTitle "EXT 2022"]
[Source "ChessBase"]
[SourceDate "2021.10.06"]
[SourceVersion "1"]
[SourceVersionDate "2021.10.06"]
[SourceQuality "1"]

1. e4 g6 2. Nf3 c5 3. Bc4 Nc6 4. O-O e5 5. a3 Bg7 6. d3 Nge7 7. Ng5 d5 8. exd5 Nxd5 9. Qf3 Be6 10. Nxe6 fxe6 11. Bb5 Qc7 12. Nd2 O-O-O 13. Bxc6 Qxc6 14. Nc4 Rhf8 15. Qe4 Rf5 16. Re1 h5 17. Ne3 Rf4 18. Qxg6 Nxe3 19. Qxg7 Rg4 20. Qxg4 Nxg4 21. f3 Rg8 22. fxg4 Rxg4 23. Re2 h4 24. h3 Rg6 25. Re4 Qb6 26. c4 Qd8 27. Rxe5 Qxd3 28. Rxc5+ Kd7 29. Bg5 Qd4+ 0-1

[Event "Roger Roy mem"]
[Site "Gatineau CAN"]
[Date "2007.10.30"]
[Round "3"]
[White "Labelle, Raymond"]
[Black "Jiang, Qizhe"]
[Result "1-0"]
[WhiteElo "1485"]
[BlackElo "920"]
[PlyCount "65"]
[GameId "2160767910578813"]
[EventDate "2007.10.16"]
[EventType "swiss"]
[EventRounds "5"]
[EventCountry "CAN"]
[SourceTitle "EXT 2022"]
[Source "ChessBase"]
[SourceDate "2021.10.06"]
[SourceVersion "1"]
[SourceVersionDate "2021.10.06"]
[SourceQuality "1"]

1. e4 e5 2. Nf3 Nc6 3. Nc3 Nf6 4. Bc4 h6 5. O-O d6 6. d4 Bg4 7. dxe5 Nxe5 8. Be2 a6 9. Nxe5 Bxe2 10. Qxe2 dxe5 11. Rd1 Bd6 12. Be3 Qe7 13. Rd3 O-O 14. Qf3 Rad8 15. Qg3 Nh5 16. Qg4 Nf6 17. Qf3 Rd7 18. Rad1 Rfd8 19. Ne2 Qe6 20. b3 Kf8 21. Ng3 Ke7 22. Nf5+ Kf8 23. Qg3 Nh5 24. Qh4 Nf6 25. Bxh6 gxh6 26. Qxh6+ Ke8 27. Qh8+ Bf8 28. Ng7+ Ke7 29. Nxe6 Kxe6 30. Qh3+ Ke7 31. Rxd7+ Rxd7 32. Rxd7+ Nxd7 33. Qf5 1-0

[Event "Roger Roy mem"]
[Site "Gatineau CAN"]
[Date "2007.10.30"]
[Round "3"]
[White "Lacourse, Guy"]
[Black "MacIsaac, Alexandre"]
[Result "1-0"]
[WhiteElo "1608"]
[BlackElo "1305"]
[PlyCount "37"]
[GameId "2160767910578814"]
[EventDate "2007.10.16"]
[EventType "swiss"]
[EventRounds "5"]
[EventCountry "CAN"]
[SourceTitle "EXT 2022"]
[Source "ChessBase"]
[SourceDate "2021.10.06"]
[SourceVersion "1"]
[SourceVersionDate "2021.10.06"]
[SourceQuality "1"]

1. d4 d5 2. c4 dxc4 3. Nf3 Nf6 4. e3 Nc6 5. Bxc4 h6 6. O-O Bg4 7. Qb3 Be6 8. Bxe6 fxe6 9. Qxb7 Na5 10. Qb5+ c6 11. Qd3 Qd7 12. Ne5 Qc7 13. Qg6+ Kd8 14. Bd2 Kc8 15. Rc1 Rb8 16. Bxa5 Qxa5 17. Nxc6 Qa4 18. Nxb8+ Kxb8 19. Qg3+ 1-0

[Event "Roger Roy mem"]
[Site "Gatineau CAN"]
[Date "2007.10.30"]
[Round "3"]
[White "Lemieux, Richard"]
[Black "Sunatori, Evelyne"]
[Result "1-0"]
[WhiteElo "1533"]
[BlackElo "1128"]
[PlyCount "103"]
[GameId "2160767910578815"]
[EventDate "2007.10.16"]
[EventType "swiss"]
[EventRounds "5"]
[EventCountry "CAN"]
[SourceTitle "EXT 2022"]
[Source "ChessBase"]
[SourceDate "2021.10.06"]
[SourceVersion "1"]
[SourceVersionDate "2021.10.06"]
[SourceQuality "1"]

1. e4 e5 2. Nf3 Nc6 3. Bb5 Bd6 4. d4 a6 5. Bxc6 bxc6 6. dxe5 Bb4+ 7. c3 Bc5 8. b4 Bb6 9. c4 c5 10. a3 cxb4 11. axb4 c5 12. Qd6 cxb4 13. Qxb4 Ne7 14. Bg5 Bc7 15. Nc3 Rb8 16. Qa3 Bb7 17. Nd5 Bxd5 18. exd5 d6 19. exd6 Bxd6 20. c5 f6 21. Bxf6 gxf6 22. cxd6 Nxd5 23. Rd1 Nb6 24. Qxa6 Ra8 25. Qb5+ Nd7 26. Qh5+ Kf8 27. O-O Ra5 28. Rd5 Rxd5 29. Qxd5 Nb6 30. Qe6 Kg7 31. Re1 Qd7 32. Qxd7+ Nxd7 33. Re7+ Kg6 34. Rxd7 Rb8 35. h3 Kf5 36. Re7 Rd8 37. d7 Kg6 38. Nd4 f5 39. Nc6 Ra8 40. d8=Q Rxd8 41. Nxd8 h5 42. h4 Kf6 43. Re6+ Kg7 44. Kh2 f4 45. g3 fxg3+ 46. fxg3 Kh7 47. Kh3 Kg7 48. g4 hxg4+ 49. Kxg4 Kg8 50. Kg5 Kf8 51. Kg6 Kg8 52. Re8# 1-0

[Event "Roger Roy mem"]
[Site "Gatineau CAN"]
[Date "2007.10.30"]
[Round "3"]
[White "Levesque, Andre"]
[Black "Berthiaume, Patrick"]
[Result "0-1"]
[WhiteElo "1460"]
[BlackElo "1038"]
[PlyCount "132"]
[GameId "2160767910578816"]
[EventDate "2007.10.16"]
[EventType "swiss"]
[EventRounds "5"]
[EventCountry "CAN"]
[SourceTitle "EXT 2022"]
[Source "ChessBase"]
[SourceDate "2021.10.06"]
[SourceVersion "1"]
[SourceVersionDate "2021.10.06"]
[SourceQuality "1"]

1. e4 e5 2. Nc3 Nc6 3. Bc4 Nf6 4. a3 Bc5 5. Nf3 O-O 6. O-O d6 7. h3 Be6 8. Bxe6 fxe6 9. d3 d5 10. exd5 exd5 11. Bg5 Qd6 12. Rb1 a5 13. Nb5 Qd7 14. Re1 Rae8 15. Nc3 Qd6 16. Re2 Rf7 17. Qe1 Rff8 18. Rd1 d4 19. Nb1 h6 20. Bxf6 Qxf6 21. Nbd2 b6 22. Ne4 Qe7 23. Nxc5 Qxc5 24. Rc1 Qd6 25. c3 Rf7 26. cxd4 Nxd4 27. Nxd4 Qxd4 28. Rc3 Ree7 29. Re4 Qd6 30. Re3 Rf6 31. d4 Rfe6 32. dxe5 Rxe5 33. Qc1 Rxe3 34. Rxe3 Rxe3 35. Qxe3 Qd1+ 36. Kh2 Qd6+ 37. g3 Kf7 38. Kg2 Qc6+ 39. Qf3+ Qxf3+ 40. Kxf3 Ke6 41. Ke4 c5 42. f4 g6 43. g4 b5 44. h4 b4 45. f5+ gxf5+ 46. gxf5+ Kf6 47. a4 h5 48. Kd5 Kxf5 49. Kxc5 Kg4 50. Kb5 Kxh4 51. Kxa5 Kg4 52. Kb6 h4 53. a5 h3 54. a6 h2 55. a7 h1=Q 56. Kc7 Qa8 57. Kb6 Kf5 58. b3 Ke6 59. Kc5 Qxa7+ 60. Kxb4 Kd5 61. Kc3 Qd4+ 62. Kc2 Qe3 63. Kb2 Kc5 64. Ka2 Kb4 65. Ka1 Qf2 66. Kb1 Kxb3 0-1